Where on Earth is Carmen Sandiego - Sudden Death - Statistics

General Stats
  • This quiz has been taken 88 times
    87 since last reset
  • The average score is 28 of 39
Answers on the Grid
Answers color-coded by a green-red scale on the quiz's grid according to % correct below.
Carmen
Carmen
carmen
Carmen
Carmen
Carmen
Caren
Carmen
Carmen
Carmen
Carmen
Carmen
CarmencC
Carmen
Carmen
Carmen
Carmne
Carmen
Carmen
Carmen
Carmen
Carmen
Carmen
Carmen
Carmen
Carmen
Carmen
Carmen
Caren
cmanr
Carman
Sandiego
Sandiego
Sandiego
Sandiego
Sandiego
Sandiego
Sandiego
San Diego
Sandiego
Sandiego
Sandiego
Sandiego
Sandiego
Sandiego
Sandiego
Sadnigp
Sandigo
Carmen Sandiegp
Carmne Sandiego
Carmen sanefogo
Carmna andiego
Carman Sandiego
Carman Aandiego
Sarmen Candiego
Carmen Sandiego
Carman Sandiego
Carman Sandiego
Carman Sandiego
 
Answer Stats
Answer % Correct
Carmen
84%
Carmen
81%
Carmen
80%
Carmen
80%
Carmen
79%
Carmen
77%
Carmen
77%
Carmen
77%
Carmen
76%
Carmen
76%
Carmen Sandiego
76%
Carmen
74%
Carmen
74%
Carmen
74%
Carmen
73%
Carmen
73%
Carmen
73%
Sandiego
73%
Sandiego
73%
Carmen
71%
Carmen
71%
Carmen
71%
Sandiego
71%
Carmen
70%
Sandiego
70%
Carmen
69%
Carmen
69%
Carmen
69%
Carmen
67%
Sandiego
67%
Sandiego
67%
Sandiego
66%
Sandiego
66%
Sandiego
66%
Sandiego
66%
Sandiego
64%
Sandiego
64%
Sandiego
63%
Sandiego
61%
No matching quizzes found
Score Distribution
Percent of People with Each Score
Percentile by Number Answered
Your Score History
You have not taken this quiz since the last reset